000 00310 a2200109 4500
001 ART_5530
005 20260410161827.0
008 260409a
245 1 0 _aInflación mundial
100 1 _aLipsey, Richard G.
773 0 _tEstudios Económicos
_g- Vol. 1, Nº 1/2 (ene./dic. 1982)
_wREV5080
999 _c22903
_d22903